Statistiques concernant Culture Générale - Série 1728

Cliquez ici pour prendre le quiz!

Statistiques générales

  • Ce quiz a été pris 128 fois
  • Le résultat moyen est 5 sur 10

Statistiques - réponses

QuestionRéponse% Correct
Dans l'Antiquité, où se trouvaient les jardins suspendus ?Babylone
94%
Quel est le numéro du département de la Meuse ?55
77%
Qui est la mère de Marylou Berry ?Josiane Balasko
67%
Qui réalise le film « Subway » en 1985 dont l'action se passe principalement dans le métro parisien ?Luc Besson
58%
Quel était le prénom de Robespierre ?Maximilien
49%
Qui a écrit le poème « Le pont Mirabeau » ?Guillaume Apollinaire
43%
Quelle est la préfecture de la Haute-Marne ?Chaumont
39%
Dans quel état des Etats Unis Martin Luther King était-il pasteur ?Alabama
35%
Qui était le créateur du journal « L'ami du peuple » ?Marat
34%
Qui fut le premier maire de Paris en 1789 ?Jean Sylvain Bailly
6%

Distribution des résultats

Percentile par nombre de réponses

% des personnes avec chaque résultat

Votre développement - résultats

Vous n’avez pas pris ce quiz